Отключени думи (Запис номер 10254)
[ съкратено ]
| 000 -Лидер | |
|---|---|
| Контролно поле с фиксирана дължина | 01100nam a2200349 a 4500 |
| 003 - Код на организацията, давaща контролен номер | |
| Контролно поле | BLK |
| 005 - Дата и час на последна редакция | |
| Контролно поле | 20230622155142.0 |
| 008 - Елементи от данни с фиксирана дължина | |
| fixed length control field | 180412b bul|||||r ||||||| ||bul|| |
| 010 ## - Наследен системен номер | |
| LC control number | KNG00011731000 |
| 020 ## - Международен стандартен номер на книга ISBN | |
| Международен стандартен номер на книга ISBN | 954-8359-06-5 |
| 040 ## - Източник на каталожния запис | |
| Идентификатор на билиотеката - собственик на записа | BLK |
| 041 ## - Код за език | |
| Код за езика на текст/звукозапис или на отделно заглавие | Български |
| Код за езика КДБФ | Български |
| 080 ## - УДК | |
| Текстов определител УДК | Българска литература |
| УДК код - определител по УДК | 821.163.2 |
| УДК определител | -1 |
| УДК - код + определител | 821.163.2-1 |
| 100 1# - Редна дума - Автор | |
| Автор | Николова, Добрина |
| Авторска отговорност | първи автор |
| R(LIN) | 255326 |
| 139 ## - Редно поле | |
| Редна дума | Николова, Добрина |
| Авторски знак | Николова - Н 75 |
| 245 10 - Сведения за заглавието | |
| Заглавие | Отключени думи |
| Подзаглавни данни | Лирика |
| Редно поле (дума) | Добрина Николова. |
| 257 ## - Страна на издаване | |
| Страна на създаване/издаване | България |
| 260 ## - Област на издателските данни | |
| Място на издаване, разпространение и проч. | Русе |
| Име на издателя, разпространителя и проч. | Икар |
| Година на издаване | 1994 |
| Печатница | София : П. Николов |
| 300 ## - Физическа характеристика | |
| Страници | 48 с. |
| Илюстрации и др. | с ил. |
| Размери/Мащаб | 20 см |
| 380 ## - Жанр | |
| Жанр | Худож. лит. |
| 500 ## - Общи забележки | |
| Забележка | Кн. е деп. 1996 г. - 500 тир. |
| 852 ## - Местоположение | |
| Форматна сигнатура | Цб 176529 |
| Фондова буква | Хранилище |
| 852 ## - Местоположение | |
| Форматна сигнатура | К 821.163.2/Н 75 Д |
| 856 4# - Електронен адрес и достъп | |
| Електронен формат | pdf - файл |
| Път до файла /url/ | |
| 856 4# - Електронен адрес и достъп | |
| Електронен формат | pdf - файл |
| Път до файла /url/ | |
| 942 ## - АРТИКУЛИ | |
| Вид на библиотечния материал | Книги |
| Скрит в OPAC | Не |
| Периодичен библиозапис | Да |
| 944 ## - СЪЗДАВАНЕ И РЕДАКЦИЯ на ЗАПИСА | |
| Създаване/Редакция | Създаване |
| Дата на регистрацията/редакция | 15.01.2003 |
| Служител, извършил регистрацията/редакцията | Наталия_Медовщикова |
| 944 ## - СЪЗДАВАНЕ И РЕДАКЦИЯ на ЗАПИСА | |
| Създаване/Редакция | Редакция |
| Дата на регистрацията/редакция | 08.04.2008 |
| 999 ## - СИСТЕМНИ КОНТРОЛНИ НОМЕРА | |
| Koha biblionumber | 10254 |
| Koha biblioitemnumber | 10254 |
| 999 ## - СИСТЕМНИ КОНТРОЛНИ НОМЕРА | |
| Koha biblioitemnumber | 10254 |
| 999 ## - СИСТЕМНИ КОНТРОЛНИ НОМЕРА | |
| Koha biblioitemnumber | 10254 |
| 999 ## - СИСТЕМНИ КОНТРОЛНИ НОМЕРА | |
| Koha biblioitemnumber | 10254 |
| Код за отписване | Код за изгубен артикул | Източник на класификационната схема | Код за повреда | Коз за рестрикции | Код за отдаване | Артикулен № | Име на библиотеката - собственик | Име на библиотеката, в която се намира в момента | Статус (Текущо местоположение) | Дата на вписване в системата | Местоположение - отдел | Цена в лева | Инвентарен номер | Систематично азбучна сигнатура | Баркод | Номер на екземпляра | Цена в евро | Служебна бележка | Служебен тип на артикула |
|---|---|---|---|---|---|---|---|---|---|---|---|---|---|---|---|---|---|---|---|
| Не е изгубен | Universal Decimal Classification | Не е повреден | без рестрикции | ползва се в читалня | 17786 | Регионална библиотека "Любен Каравелов" Русе | Регионална библиотека "Любен Каравелов" Русе | Хранилище | 2001-01-01 | Хранилище | 0.00 | 621152 | Цб 176529 | 120000621152 | 1 | 0.00 | Дост: Dp Вид: Д N: стар фонд Дата: 01.01.1994 | Книги | |
| Изтеглен | Не е изгубен | Universal Decimal Classification | Не е повреден | без рестрикции | заемане за дома | 17787 | Регионална библиотека "Любен Каравелов" Русе | Регионална библиотека "Любен Каравелов" Русе | Заемна - подръчен фонд | 2001-01-01 | Заемна - подръчен фонд | 12.00 | 602276 | П 886.7-1/Н 75 | 602276 | 2 | 6.14 | Дост: Pk Вид: Ф N: стар фонд Дата: 01.01.2001 Дата инв: 21.03.2018 Бележки инв: П2018 | Книги |
| Не е изгубен | Universal Decimal Classification | Не е повреден | без рестрикции | ползва се в читалня | 17788 | Регионална библиотека "Любен Каравелов" Русе | Регионална библиотека "Любен Каравелов" Русе | Краезнание | 2001-01-01 | Краезнание | 0.60 | 636920 | К 821.163.2/Н 75 Д | 120000636920 | 3 | 0.31 | Дост: Pk Вид: Ф N: стар фонд Дата: 01.01.2001 Дата инв: 14.11.2017 Бележки инв: К2017 | Книги |